000 01433nam0a2200325 i 4500
001 RU\NLR\BIBL_A\011149629
005 20240921130239.0
010 _a9785906641199
_9500
021 _aRU
_b2016-42341
_92713
035 _a(NILC)RuMoRGB-008495074
035 _a(NLR Aleph) 011149629
090 _a11665284
_c11665284
100 _a20160609d2016 um y0rusy50 ca
101 0 _arus
102 _aRU
105 _aacbhz|||000zd
200 1 _aНа планете "Дальстрой"
_eколымская хроника жизни очевидца, 1941-1956 гг.
_fДаниил Голота
210 _aМагадан
_cОхотник
_d2016
215 _a346, [3] с.
_cил., карт., портр., факс.
_d23
300 _a85-летию организации треста "Дальстрой", колымским геологам XX-XXI веков посвящается
606 1 _aГеологические исследования
_xИстория
_yСССР
_yСеверо-Восток
_92553115
_3RU\NLR\AUTH\661510638
675 _a55
686 1 _aД59(2Р55,1)г
700 1 _aГолота
_bД.С.
_f1916-2008
_gДаниил Сергеевич
801 0 _aRU
_bРГБ
_c20160523
_gRCR
942 _cBOOK
980 _aNBR